Library Banner

Educational psychology: (Record no. 16451)

MARC details
000 -LEADER
fixed length control field 00544nam a2200193Ia 4500
001 - CONTROL NUMBER
control field 15978
008 - FIXED-LENGTH DATA ELEMENTS--GENERAL INFORMATION
fixed length control field 140403s9999 xx 000 0 und d
020 ## - INTERNATIONAL STANDARD BOOK NUMBER
International Standard Book Number 0-13-080091-0
040 ## - CATALOGING SOURCE
Transcribing agency PK-LaUMT
082 ## - DEWEY DECIMAL CLASSIFICATION NUMBER
Classification number 370.15
Item number EGG-E
100 ## - MAIN ENTRY--PERSONAL NAME
Personal name Don Kauchak
245 ## - TITLE STATEMENT
Title Educational psychology:
Remainder of title windows on classrooms.
Statement of responsibility, etc Don Kauchak<>Paul Eggen
250 ## - EDITION STATEMENT
Edition statement 4th
260 ## - PUBLICATION, DISTRIBUTION, ETC. (IMPRINT)
Place of publication, distribution, etc Uper Saddle River,USA:
Name of publisher, distributor, etc Merill,
Date of publication, distribution, etc 1999
300 ## - PHYSICAL DESCRIPTION
Extent 641 p.
650 ## - SUBJECT ADDED ENTRY--TOPICAL TERM
Topical term or geographic name as entry element Educationa psychology-Study and teaching(United States)
700 ## - ADDED ENTRY--PERSONAL NAME
Personal name Paul Eggen
942 ## - ADDED ENTRY ELEMENTS (KOHA)
Koha item type Books
Holdings
Withdrawn status Lost status Damaged status Not for loan Home library Current library Date acquired Total Checkouts Full call number Barcode Date last seen Price effective from Koha item type
        UMT Main Campus UMT Main Campus 2014-04-03   370.15 EGG-E 18146 2015-06-05 2014-04-22 Books